| 000 | 01285cam a22002415a 4500 | ||
|---|---|---|---|
| 001 | L138059 | ||
| 008 | 070515e2005 xxk f 100 0 eng d | ||
| 035 | _a(Sirsi) u138059 | ||
| 041 | 0 | _aeng | |
| 100 | 1 | _aWong, Chee H. | |
| 245 | 0 | 2 |
_aA prototype KM system for urban regeration: the case of intelcities IP _h[electronic resource] |
| 260 | _c2005 | ||
| 490 | 0 |
_aCOBRA _v2005 |
|
| 520 | _aDiscusses the issue of e-Learning, knowledge transfer and capacity building in a knowledge management system prototype study for European civil services, businesses and citizens. Includes the demonstration of strategic applications of the KM system for a range of e-Governance services such as electronic citizenship, electronic inclusion, and electronic participation that contribute to the sustainable urban regeneration. | ||
| 651 | 4 | _aEUROPEAN UNION | |
| 690 | _aMANAGEMENT-BUSINESS MANAGEMENT-INFORMATION MANAGEMENT-KNOWLEDGE MANAGEMENT | ||
| 700 | 1 | _aDeakin, M. | |
| 700 | 1 | _aIsacker, K.V. | |
| 700 | 1 | _aAllwinkle, S. | |
| 711 | 2 |
_aConstruction and Building Research Conference _cUniversity of Queensland, Brisbane _d4-5 July 2005 |
|
| 856 | 4 | 0 |
_uhttps://www.rics.org/site/scripts/download_info.aspx?downloadID=2564 _zView the item free of charge at www.rics.org... |
| 942 | _n0 | ||
| 999 |
_c106991 _d106991 |
||